Normal view
MARC view
- Wegener, Ingo
Entry Personal Name
001 - CONTROL NUMBER
- control field: 95452
003 - CONTROL NUMBER IDENTIFIER
- control field: NUST
005 - DATE AND TIME OF LATEST TRANSACTION
- control field: 20220727115120.0
008 - FIXED-LENGTH DATA ELEMENTS
- fixed length control field: 220727|| aca||aabn | a|a d
040 ## - CATALOGING SOURCE
- Original cataloging agency: NUST
- Transcribing agency: NUST
100 ## - HEADING--PERSONAL NAME
- Personal name: Wegener, Ingo
670 ## - SOURCE DATA FOUND
- Source citation: Work cat.: (NUST)175378: Advances in computational intelligence :, c2003.
